<?xml version="1.0" encoding="UTF-8"?>
<record
    xmlns:xsi="http://www.w3.org/2001/XMLSchema-instance"
    xsi:schemaLocation="http://www.loc.gov/MARC21/slim http://www.loc.gov/standards/marcxml/schema/MARC21slim.xsd"
    xmlns="http://www.loc.gov/MARC21/slim">

  <leader>00263nam a2200097Ia 4500</leader>
  <controlfield tag="008">230508s2010    xx            000 0 und d</controlfield>
  <datafield tag="041" ind1=" " ind2=" ">
    <subfield code="a">eng</subfield>
  </datafield>
  <datafield tag="100" ind1=" " ind2=" ">
    <subfield code="a">HERBERT SCHILDF</subfield>
  </datafield>
  <datafield tag="245" ind1=" " ind2=" ">
    <subfield code="a">THE COMPLETE RAFERENCE JAVA 2 5TH EDITION</subfield>
  </datafield>
  <datafield tag="260" ind1=" " ind2=" ">
    <subfield code="b">TATA MCGRAW HILL EDU</subfield>
    <subfield code="c">2010</subfield>
  </datafield>
  <datafield tag="999" ind1=" " ind2=" ">
    <subfield code="c">322194</subfield>
    <subfield code="d">322194</subfield>
  </datafield>
  <datafield tag="952" ind1=" " ind2=" ">
    <subfield code="0">0</subfield>
    <subfield code="1">0</subfield>
    <subfield code="4">0</subfield>
    <subfield code="7">0</subfield>
    <subfield code="a">ITP</subfield>
    <subfield code="b">ITP</subfield>
    <subfield code="d">2023-05-09</subfield>
    <subfield code="g">515.00</subfield>
    <subfield code="l">0</subfield>
    <subfield code="p">ITP-27199</subfield>
    <subfield code="r">2023-05-09 00:00:00</subfield>
    <subfield code="w">2023-05-09</subfield>
    <subfield code="y">BK</subfield>
  </datafield>
</record>
